| 000 | nam a22 a 4500 | ||
|---|---|---|---|
| 999 |
_c206761 _d206761 |
||
| 003 | BLK | ||
| 005 | 20220712102815.0 | ||
| 008 | 180411b bul|||||r ||||||| ||bul|| | ||
| 010 | _aKNG00216512000 | ||
| 040 | _aBLK | ||
| 041 |
_aBUL _cBUL |
||
| 080 |
_aЖивотновъдни сгради и съоръжения. Ферми. Спомагателни помещения. Оборудване. Вж и 728. 9; 69; 636. 08; 727. 6; 631. 3 _b631.22 _x(075.8) _z631.22(075.8) |
||
| 100 | 1 |
_aИлиев, Борис _eпърви автор _9364547 |
|
| 139 |
_aИлиев, Борис и др. _bИ 52 |
||
| 245 | 1 | 0 |
_aМеханизация в животновъдството _bУчебник за висшите селскостоп. уч. заведения _cБорис Илиев, Гено Грозев. |
| 250 | _a3. прераб. изд. | ||
| 257 | _aBGR | ||
| 260 |
_aСофия _bЗемиздат _c1970 |
||
| 300 |
_a348 с. _bс черт. _c23 см |
||
| 380 | _a63 | ||
| 500 | _aПредходните изд. 1956 и 1963 с авт. Борис Илиев, Никола Станишев | ||
| 504 | _aБиблиогр. с. 344-345 | ||
| 650 | 0 |
_9251607 _aЖивотновъдство - механизация - учебници за ВУЗ |
|
| 700 | 1 |
_aГрозев, Гено _eсъавт. _9386747 |
|
| 852 |
_aЦб 53917 _bЦб |
||
| 942 |
_cKNG _n0 _s1 |
||
| 944 |
_aCR _c27.02.2018 _kКети_Илиева |
||
| 944 |
_aED _c2022-07-12 _kГГГ |
||